Central Library OPAC University of Rajshahi

Hydrodynamics and vector field theory / (Record no. 8867)

MARC details
000 -LEADER
fixed length control field 01078nam a2200301 a 4500
001 - CONTROL NUMBER
control field 8867
003 - CONTROL NUMBER IDENTIFIER
rucl marc code BD-RjUL
005 - DATE AND TIME OF LATEST TRANSACTION
control field 20211208234652.0
008 - FIXED-LENGTH DATA ELEMENTS--GENERAL INFORMATION
fixed length control field 140119s1963 enka 000 0 eng d
035 ## - SYSTEM CONTROL NUMBER
System control number (BD-RjUL)8912
-- OCLC ocm09004524 from D970902M
040 ## - CATALOGING SOURCE
Original cataloging agency DLC
Transcribing agency SOI
Modifying agency NRC
-- BD-RjUL
Language of cataloging eng
041 ## - LANGUAGE CODE
Language code of text/sound track or separate title eng
082 00 - DEWEY DECIMAL CLASSIFICATION NUMBER
Classification number 532.5
Author mark and year GRH 1963
100 1# - MAIN ENTRY--PERSONAL NAME
Personal name Greig, D. M.
Fuller form of name (Dorothy Margaret)
9 (RLIN) 27569
245 10 - TITLE STATEMENT
Title Hydrodynamics and vector field theory /
Statement of responsibility, etc. D.M. Greig & T.H. Wise.
246 18 - VARYING FORM OF TITLE
Title proper/short title Hydrodynamics & vector field theory
260 ## - PUBLICATION, DISTRIBUTION, ETC. (IMPRINT)
Place of publication, distribution, etc. London :
Name of publisher, distributor, etc. Nostrand Co.,
Date of publication, distribution, etc. c1963.
300 ## - PHYSICAL DESCRIPTION
Pagination v. :
Illustrations ill. ;
Size 23 cm.
490 1# - SERIES STATEMENT
Series statement Applied mathematics series (London, England)
500 ## - GENERAL NOTE
General note Spine title: Hydrodynamics & vector field theory.
505 0# - FORMATTED CONTENTS NOTE
Formatted contents note Vol. 1. Example in elementary methods -- V. 2. Examples in special methods --
650 #0 - SUBJECT ADDED ENTRY--TOPICAL TERM
Topical term or geographic name as entry element Hydrodynamics.
9 (RLIN) 20355
Topical term or geographic name as entry element Vector analysis.
9 (RLIN) 20448
700 1# - ADDED ENTRY--PERSONAL NAME
Personal name Wise, T. H.
Fuller form of name (Thomas Henry)
830 #0 - SERIES ADDED ENTRY--UNIFORM TITLE
Uniform title Applied mathematics series (London, England)
942 ## - ADDED ENTRY ELEMENTS (KOHA)
Source of classification or shelving scheme Dewey Decimal Classification
Koha item type Books
Holdings
Lost status Source of classification or shelving scheme Damaged status Not for loan Collection code Permanent Location Current Location Shelving location Date acquired Source of acquisition Cost, normal purchase price Total Checkouts Full call number Date last seen Copy number Koha item type
  Dewey Decimal Classification   Not For Loan Non-fiction Central Library, University of Rajshahi Central Library, University of Rajshahi Reading Room 21/06/1965 Mizra book agency 21.00   532.5 GRH V-2 1963 19/01/2014 C-1 Books
  Dewey Decimal Classification     Non-fiction Central Library, University of Rajshahi Central Library, University of Rajshahi   21/06/1965 Mirza book agency 21.00   532.5 GRH V-2 1963 06/09/2016 C-2 Books
  Dewey Decimal Classification     Non-fiction Central Library, University of Rajshahi Central Library, University of Rajshahi   21/06/1965 Mirza Book Agency 21.00   532.5 GRH V-2 1963 02/10/2016 C-3 Books
  Dewey Decimal Classification   Not For Loan Non-fiction Central Library, University of Rajshahi Central Library, University of Rajshahi Reading Room 02/06/1965 Mirza book 19.75   532.5 GRH V-1 1962 30/03/2017 C-1 Books
  Dewey Decimal Classification     Non-fiction Central Library, University of Rajshahi Central Library, University of Rajshahi   10/12/1968 Zeitlinger 12.60   532.5 GRH V-2 1963 30/04/2017 C-4 Books
  Dewey Decimal Classification     Non-fiction Central Library, University of Rajshahi Central Library, University of Rajshahi   10/12/1968 Zeitlinger 12.60   532.5 GRH V-1 1963 30/04/2017 C-2 Books
  Dewey Decimal Classification     Non-fiction Central Library, University of Rajshahi Central Library, University of Rajshahi   05/03/1964 Zeitlinger 20.00   532.5 GRH V-1 1962 15/06/2017 C-3 Books
  Dewey Decimal Classification     Non-fiction Central Library, University of Rajshahi Central Library, University of Rajshahi   05/03/1964 Zeitlinger 20.00   532.5 GRH V-1 1962 15/06/2017 C-4 Books
  Dewey Decimal Classification     Non-fiction Central Library, University of Rajshahi Central Library, University of Rajshahi   05/03/1964 Zeitlinger 20.00   532.5 GRH 1963 V-1 11/10/2018 C-5 Books
  Dewey Decimal Classification     Non-fiction Central Library, University of Rajshahi Central Library, University of Rajshahi   02/06/1965 Mirza book Agency 19.75   532.5 GRH 1963 V-1 15/10/2018 C-6 Books
  Dewey Decimal Classification     Non-fiction Central Library, University of Rajshahi Central Library, University of Rajshahi   15/10/2018 1965-06-02 19.75   532.5 GRH 1963 V-1 15/10/2018 C-7 Books